[Event "XXVI Miedzynarodowy Festiwal Szachowy w Poznaniu - OPEN A"]
[Site "Poznan"]
[Date "2018-08-26"]
[Round "9.40"]
[White "Tadych, Szymon "]
[Black "Nowak, Patrycja"]
[Result "1-0"]
[WhiteTitle ""]
[BlackTitle ""]
[WhiteElo "1468"]
[BlackElo "1221"]

1. d4 d5 2. c4 c6 3. Nc3 Nf6 4. Nf3 Bf5 5. Bf4 e6 6. c5 Nbd7 7. b4 Be7 8. e3 O-O
9. Bd3 Bxd3 10. Qxd3 Re8 11. b5 Nh5 12. bxc6 bxc6 13. O-O Nf8 14. g4 Nf6 15. a3
Ng6 16. Bg3 Nd7 17. a4 Bf6 18. Qa6 Qc8 19. Qxc8 Raxc8 20. Rab1 a5 21. Rb7 Nb8
22. Bxb8 Rxb8 23. Rfb1 Rxb7 24. Rxb7 Rc8 25. g5 Bd8 26. h4 Kf8 27. h5 Ne7 28.
Ne5 Rc7 29. Rb8 Rc8 30. Rxc8 Nxc8 31. Nxc6 Bxg5 32. Nb5 f5 33. Kf1 Ke8 34. Nxa5
Bd8 35. Nc6 g5 36. a5 1-0

[Event "XXVI Miedzynarodowy Festiwal Szachowy w Poznaniu - OPEN A"]
[Site "Poznan"]
[Date "2018-08-26"]
[Round "9.45"]
[White "Geselle, Roman "]
[Black "Plichta, Olga"]
[Result "1/2-1/2"]
[WhiteTitle ""]
[BlackTitle ""]
[WhiteElo "1461"]
[BlackElo "1244"]

1. d4 d5 2. Nf3 Nf6 3. c4 c6 4. Nc3 Bf5 5. e3 Nbd7 6. Nh4 Bg6 7. Qb3 Qb6 8. Qxb6
axb6 9. cxd5 Nxd5 10. Nxd5 cxd5 11. Nxg6 hxg6 12. Bb5 e6 13. Bd2 Bd6 14. h3 Ke7
15. a3 Nf6 16. f3 Nh5 17. O-O Ng3 18. Rfc1 Rac8 19. Kf2 f5 20. Bd3 Nh5 21. f4
Nf6 22. Rxc8 Rxc8 23. Rc1 Rxc1 24. Bxc1 Kd7 25. b4 Kc6 26. b5+ Kd7 27. Kg3 g5
28. Kf3 gxf4 29. exf4 g6 30. g4 Kc7 31. Bc2 Kd7 32. Kg3 g5 33. Kf3 fxg4+ 34. hxg4
gxf4 35. a4 e5 36. Bf5+ Ke7 37. dxe5 Bxe5 38. Bxf4 Kd6 39. Bxe5+ Kxe5 40. Ke3
d4+ 41. Kd3 Nd5 42. Bc8 Nf4+ 43. Kd2 Kd6 44. Bxb7 Kc5 45. Bf3 Kc4 46. g5 Ne6 47.
g6 Kc5 48. Bg4 Ng7 49. Kd3 Kd5 50. Bf3+ Ke5 51. Be4 Ne6 52. Bc6 Nf4+ 53. Kd2 Nxg6
54. a5 bxa5 55. b6 Kd6 56. Be4 Ne5 57. Bg2 a4 58. b7 Kc7 59. Be4 Nd7 60. Bd5 Nc5
61. Bf3 a3 62. Kc2 Nxb7 63. Kb3 Nc5+ 64. Kxa3 Kd6 65. Kb2 Ke5 66. Kc1 d3 67. Kd2
Kd4 68. Bh5 Ne4+ 69. Kd1 Ke3 70. Kc1 d2+ 71. Kb2 Kf2 72. Bd1 Ke1 73. Ba4 Nc5 74.
Bc2 Nd3+ 75. Kc3 Nf2 76. Ba4 Ne4+ 77. Kd4 d1=Q+ 78. Bxd1 Kxd1 79. Kxe4 1/2-1/2

[Event "XXVI Miedzynarodowy Festiwal Szachowy w Poznaniu - OPEN A"]
[Site "Poznan"]
[Date "2018-08-26"]
[Round "9.46"]
[White "Nicikowski, Jozef"]
[Black "Cichon, Mieczyslaw "]
[Result "1-0"]
[WhiteTitle ""]
[BlackTitle ""]
[WhiteElo "1459"]
[BlackElo "1199"]

1. e4 e5 2. d3 Nc6 3. Nd2 Nf6 4. Ngf3 d5 5. Be2 Bb4 6. c3 Bd6 7. O-O O-O 8. Re1
Re8 9. Qc2 b6 10. Nf1 h6 11. Ng3 Ne7 12. d4 Ng6 13. exd5 exd4 14. Nxd4 Nxd5 15.
Bd2 Bb7 16. Bb5 Rxe1+ 17. Rxe1 Qf6 18. Qe4 Bxg3 19. hxg3 Rb8 20. Qe2 a6 21. Bd3
c5 22. Nf5 Qc6 23. Qf3 Qd7 24. Qe2 Re8 25. Qxe8+ 1-0

[Event "XXVI Miedzynarodowy Festiwal Szachowy w Poznaniu - OPEN A"]
[Site "Poznan"]
[Date "2018-08-26"]
[Round "9.47"]
[White "Dopierala, Adam"]
[Black "Kierska, Pola"]
[Result "1/2-1/2"]
[WhiteTitle ""]
[BlackTitle ""]
[WhiteElo "1305"]
[BlackElo "1070"]

1. e4 e5 2. Nf3 Nc6 3. Bc4 Nf6 4. d3 h6 5. c3 d6 6. h3 Be6 7. Nbd2 Be7 8. b4 Bxc4
9. Nxc4 d5 10. exd5 Qxd5 11. Ne3 Qd6 12. O-O Rd8 13. Ne1 Qd7 14. a4 a6 15. Qf3
Rb8 16. Nc4 Bd6 17. Be3 O-O 18. Bxh6 Nh7 19. Qg3 f6 20. Be3 Qf7 21. Nf3 Rfe8 22.
Nfd2 Rbd8 23. Nxd6 Rxd6 24. Bc5 Rd5 25. c4 Rdd8 26. b5 Nd4 27. Bxd4 Rxd4 28. Nb3
Rd6 29. Nc5 Rb8 30. Qe3 a5 31. Ne4 Rd4 32. f4 Qd7 33. Rad1 b6 34. fxe5 fxe5 35.
Nc3 Qd6 36. Qg3 Qc5 37. Kh1 Rf8 1/2-1/2

[Event "XXVI Miedzynarodowy Festiwal Szachowy w Poznaniu - OPEN A"]
[Site "Poznan"]
[Date "2018-08-26"]
[Round "9.50"]
[White "Lesien, Tymoteusz"]
[Black "Kolendo, Kajetan "]
[Result "1/2-1/2"]
[WhiteTitle ""]
[BlackTitle ""]
[WhiteElo "1147"]
[BlackElo "1132"]

1. d4 e6 2. c4 d5 3. Nf3 c5 4. Nc3 Nf6 5. Bg5 dxc4 6. e3 cxd4 7. exd4 Bb4 8. a3
Bxc3+ 9. bxc3 b5 10. a4 Bd7 11. axb5 Bxb5 12. Ne5 Nbd7 13. Bxc4 Bxc4 14. Nxc4
Qc7 15. Qd3 O-O 16. Nd2 Rfc8 17. Rc1 Nd5 18. Nb1 a5 19. O-O a4 20. Na3 Qd6 21.
Nb5 Qc6 22. c4 Nb4 23. Qa3 Na6 24. Nd6 Rcb8 25. Nb5 Nc7 26. Bf4 Rb7 27. Nxc7 Rxc7
28. Bxc7 Qxc7 29. d5 Qc5 30. Qxc5 Nxc5 31. d6 Kf8 32. Rfd1 Ke8 33. Rb1 Kd7 34.
Rb5 Kc6 35. f3 a3 36. d7 Nxd7 37. Rbb1 Nc5 38. Ra1 Nb3 39. Ra2 Kc5 40. Kf2 Kxc4
41. Ke3 Kc3 42. Rd3+ Kc4 43. Rd1 Kc3 44. Rd3+ Kc4 45. g4 Kb4 1/2-1/2